Datum a čas kvízu
32.5
Celkem bodů
Celkový počet nahraných bodů na tomto kvízu bez doplňovacích otázek.
2.
Pořadí na kvízu
Konečné umístění týmu na tomto kvízu.
Zaznamenané odpovědi
| # | Otázka | Odpověď | Body | Výsledky |
|---|---|---|---|---|
| 1. | Žatecký pivovar uvařil netradi... | 1 | ||
| 2. | V Evropské unii začalo platit... | 0 | ||
| 3. | Jeden z nejoriginálnějších umě... | 1 | ||
| 4. | Společnost Mafra, patřící do k... | 0 | ||
| 5. | Česká fotbalová reprezentace p... | 1 | ||
| 6. | Ukrajina patří mezi největší z... | 0 | ||
| 7. | Hlavním a největším městem Ukr... | 1 | ||
| 8. | Jak se jmenuje prezident Ukraj... | 0 | ||
| 9. | Mezi nejtypičtější ukrajinské... | 1 | ||
| 10. | Ukrajina drží jeden zajímavý s... | 0 |